00399nam a22001457a 4500003000400000008004100004020001900045100001100064245006600075260003800141300001000179650002500189700002200214700001700236OSt250227b |||||||| |||| 00| 0 eng d a97893481410128 aANKITA aIntegrative Computing: Bridging Disciplines and Technologies  aNew Delhi bNaples Indian c2024. a433p. aFaculty Publication  aFayaz Ahmad Khan  aMamta Goyal